000 00487nam a2200205Ia 4500
008 240510s9999 xx 000 0 und d
020 _a0000764577638
041 _aEng
082 _a338.7
082 _bP18
100 _aEdwards, P & Edwards, S & Economy, P :
245 0 _aHome-Based Business for Dummies
250 _a2nd ed.
260 _bWiley Publishing Inc.
260 _c2005
300 _a360 p.
650 _aBusiness Enterprises
942 _2ddc
942 _cRBK
999 _c27869
_d27869
945 _a1
_bMadushi Gamage
_c1
_dMadushi Gamage